| 000 | 00852nam a2200253 a 4500 | ||
|---|---|---|---|
| 001 | BRL_260 | ||
| 005 | 20190320210646.0 | ||
| 008 | 150713s1990----mx-a######---#000-0#spa-# | ||
| 020 | _a9686177329 | ||
| 041 | _aspa | ||
| 044 | _amx | ||
| 050 | 4 |
_aTN28 _b.G75 1990 |
|
| 100 | 1 |
_aGrinberg, Dora M. K. de _923387 |
|
| 245 | 1 | 0 |
_aLos señores del metal _bminería y metalurgia en mesoamérica _cDora M. K. de Grinberg ; ilustraciones Ignacio Pérez-Duarte. |
| 260 |
_aMéxico _bCONACULTA, Dirección General de Publicaciones _bPangea _c1990 |
||
| 300 |
_a58 p. _bil. _c22 cm. |
||
| 440 | 0 |
_aColección Los señores ... _923388 |
|
| 500 | _aAu287 | ||
| 650 | 1 | 4 |
_aMinas y recursos minerales _xHistoria _zMéxico _923389 |
| 650 | 1 | 4 |
_aMetalurgía _xHistoria _zMéxico _923390 |
| 700 | 1 |
_aPérez-Duarte, Ignacio _eil. _923391 |
|
| 902 | _aGRL | ||
| 942 |
_2lcc _cB |
||
| 999 |
_c9073 _d9073 |
||